| 000 -ლიდერი |
| ფიქსირებული სიგრძის საკონტროლო ველი |
01622nam a22002177a 4500 |
| 003 - საკონტროლო ნომრის იდენტიფიკატორი |
| საკონტროლო ველი |
Ge_BSU |
| 005 - ბოლო ოპერაციის თარიღი და დრო |
| საკონტროლო ველი |
20240716165541.0 |
| 008 - ფიქსირებული სიგრძის მონაცემთა ელემენტები - ზოგადი ინფორმაცია |
| ფიქსირებული სიგრძის საკონტროლო ველი |
240716s2022 ge ||||| |||| 00| 0 geo d |
| 020 ## - წიგნის საერთაშორისო სტანდარტული ნომერი |
| International Standard Book Number |
9789941848919 |
| 041 ## - ენის კოდი |
| Language code of text/sound track or separate title |
geo |
| 080 ## - უნივერსალური ათობითი კლასიფიკაციის ინდექსი |
| Universal Decimal Classification number |
821.112.2-94 მ-30 |
| 100 ## - მთავარი ჩანაწერი - პიროვნების სახელი |
| Personal name |
მარგველაშვილი, გივი, 1927-2020 |
| Relator term |
ავტორი. |
| 9 (RLIN) |
22839 |
| 245 ## - ცნობა სათაურის შესახებ |
| Title |
"პერეკატასტროიკა" - დროის მოწმის ჩანაწერები, 1988-1993 / |
| Statement of responsibility, etc |
გივი მარგველაშვილი ; გერმანულიდან თარგმ. ასმათ ფარჯიანმა ; რედაქტორი ნაირა გელაშვილი ; დიზაინი და დაკაბადონება მაგდა ცოცხალაშვილი. |
| 264 ## - წარმოების, გამოცემის, დისტრიბუციის და სხვა ცნობები |
| გამოცემის, წარმოების, დისტრიბუციის... ადგილი |
თბილისი : |
| გამოცემის, წარმოების, დისტრიბუციის... სახელწოდება |
ალონი, |
| გამოცემის, წარმოების, დისტრიბუციის... თარიღი |
2022. |
| 300 ## - ფიზიკური აღწერა |
| Extent |
326 გვ. : |
| Other physical details |
ფოტ. ; |
| Dimensions |
23 სმ. |
| 500 ## - ზოგადი შენიშვნა |
| General note |
ყდაზე ფოტო: უცნობი ავტორი. ლენინის ძეგლის დემონტაჟი ამჟამინდელ თავისუფლების მოედანზე. |
| 653 ## - INDEX TERM--UNCONTROLLED |
| Uncontrolled term |
გერმანული ლიტერატურა -- დღიურები -- თარგმანები ქართულ ენაზე |
| 700 ## - ADDED ENTRY--PERSONAL NAME |
| Personal name |
ფარჯიანი, ასმათ |
| Relator term |
მთარგმნელი |
| 9 (RLIN) |
22840 |
| 700 ## - ADDED ENTRY--PERSONAL NAME |
| Personal name |
გელაშვილი, ნაირა |
| Relator term |
რედაქტორი |
| 9 (RLIN) |
817 |
| 942 ## - ADDED ENTRY ELEMENTS (KOHA) |
| Source of classification or shelving scheme |
|
| Koha item type |
წიგნი |